Enssentials of Maternal : (Record no. 5766)
[ view plain ]
| 000 -LEADER | |
|---|---|
| fixed length control field | 00651nam a22002057a 4500 |
| 008 - FIXED-LENGTH DATA ELEMENTS--GENERAL INFORMATION | |
| fixed length control field | 150916b xxu||||| |||| 00| 0 eng d |
| 020 ## - INTERNATIONAL STANDARD BOOK NUMBER | |
| International Standard Book Number | 0805355898 |
| 050 ## - LIBRARY OF CONGRESS CALL NUMBER | |
| Classification number | RG 951 .L33 1994 |
| 100 ## - MAIN ENTRY--PERSONAL NAME | |
| Personal name | Ladewig Patricia wieland |
| 245 ## - TITLE STATEMENT | |
| Title | Enssentials of Maternal : |
| Remainder of title | Newborn Nursing/ |
| Statement of responsibility, etc. | Patricia wieland Ladewig. |
| 260 ## - PUBLICATION, DISTRIBUTION, ETC. (IMPRINT) | |
| Place of publication, distribution, etc. | New York |
| Name of publisher, distributor, etc. | Addison Wesley |
| Date of publication, distribution, etc. | 1994 |
| 300 ## - PHYSICAL DESCRIPTION | |
| Extent | xvi, 909 p. : |
| Other physical details | ill.[some col]; |
| Dimensions | 29cm |
| 650 ## - SUBJECT ADDED ENTRY--TOPICAL TERM | |
| Topical term or geographic name as entry element | Maternity Nursing |
| 650 ## - SUBJECT ADDED ENTRY--TOPICAL TERM | |
| Topical term or geographic name as entry element | Neonatology |
| 650 ## - SUBJECT ADDED ENTRY--TOPICAL TERM | |
| Topical term following geographic name as entry element | Pediatric Nursing |
| 700 ## - ADDED ENTRY--PERSONAL NAME | |
| Personal name | London Marcia L. |
| 700 ## - ADDED ENTRY--PERSONAL NAME | |
| Personal name | Olds Sally B. |
| 760 ## - MAIN SERIES ENTRY | |
| Edition | 3rd ed |
| 942 ## - ADDED ENTRY ELEMENTS (KOHA) | |
| Source of classification or shelving scheme | |
| Koha item type | Hard Covered Materials |
| Classification part | RG 951 .L33 1994 |
| Withdrawn status | Lost status | Source of classification or shelving scheme | Damaged status | Not for loan | Home library | Current library | Shelving location | Date acquired | Source of acquisition | Total Checkouts | Full call number | Barcode | Date last seen | Price effective from | Koha item type |
|---|---|---|---|---|---|---|---|---|---|---|---|---|---|---|---|
| MACHAKOS UNIVERSITY LIBRARY | MACHAKOS UNIVERSITY LIBRARY | Open shelf | 16/09/2015 | DONATION (BFA) | RG 951 .L33 1994 | 10339 | 08/02/2019 | 16/09/2015 | Hard Covered Materials | ||||||
| MACHAKOS UNIVERSITY LIBRARY | MACHAKOS UNIVERSITY LIBRARY | 15/10/2015 | Donation (B.F.A) | RG 951 .L33 1994 | 15485 | 15/10/2015 | 15/10/2015 | Hard Covered Materials | |||||||
| MACHAKOS UNIVERSITY LIBRARY | MACHAKOS UNIVERSITY LIBRARY | 29/10/2015 | Donation (B.F.A) | RG 951 .L33 1994 | 17315 | 29/10/2015 | 29/10/2015 | Hard Covered Materials | |||||||
| MACHAKOS UNIVERSITY LIBRARY | MACHAKOS UNIVERSITY LIBRARY | 02/11/2015 | Donation (B.F.A) | RG 951 .L33 1994 | 17938 | 02/11/2015 | 02/11/2015 | Hard Covered Materials |